000 00967nam a22003137a 4500
001 BR0101337
003 BR-BrBNA
005 20230928100805.0
007 ta
008 230509b bl.||||| |||| 00| 0 por d
040 _aBR-BrBNA
_bpor
_cBiblioteca Nacional de Agricultura
041 _a(Por)
072 _aB50
_b9924
090 _ 9924 BR0101337
100 1 _aOliveira, E.R. de
110 1 _aUniversidade Federal de Lavras, MG (Brasil)
_0Tese (Mestre em Administracao Rural)
245 1 _aA marvada pinga - producao de cachaca e desenvolvimento em Salinas, norte de Minas Gerais
260 3 _aLavras, MG (Brasil):
_c2000.
300 _a178 p.
500 _aSummaries (Eng, Por); Bibliography p. 157-163; 38 tables
650 _aAguardente
650 _aEstatistica de Producao
650 _aHistoria
650 _aCachaca
650 _aDesenvolvimento Economico
650 _aMinas Gerais
909 _a202309
_bLucia
_c55
_dLucia Elande
942 _cBK
999 _c62819
_d62819